Score 0/28 Timer 08:00
0 Plays Today
Clue Word % Correct
Former prison island near San FranciscoAlcatraz
90.3%
Abbreviation for the home to PhoenixAriz.
88.6%
Spanish word for rice that normally comes 'con pollo'arroz
60%
WWII concentration camp in PolandAuschwitz
56.8%
Comic actor Ansari of 'Parks and Recreation'Aziz
47.1%
Lucille Ball's bandleader husband DesiArnaz
44.4%
Yankees' latest inductee into the 500 home run clubAlex Rodriguez
36.2%
Filled with talk or excitementabuzz
35.3%
The whole gamutA to Z
34.8%
Woody Allen-voiced animated movieAntz
33.9%
Cutting tool for shaping woodadz
25.7%
Bob Fosse's autobiographical movieAll That Jazz
19%
Former Padre and Red Sox 1st baseman now on the DodgersAdrian Gonzalez
17.8%
Lead singer for the Counting CrowsAdam Duritz
11.2%
Clue Word % Correct
Physics Nobel Laureate Luis who later studied dinosaur extinctionAlvarez
10.2%
Famed celebrity photographer with money troublesAnnie Leibovitz
10%
Dennis Franz on 'NYPD Blue'Andy Sipowicz
9.8%
Joint US-Soviet space mission of 1975Apollo-Soyuz
4.9%
Jamiroquai musical styleacid-jazz
4.8%
Location in Moravia of Napoleon's greatest victoryAusterlitz
4.8%
Five-star naval commander ChesterAdmiral Nimitz
4.1%
One of O.J. Simpson's lawyersAlan Dershowitz
3.7%
Photographer husband of Georgia O'KeeffeAlfred Stieglitz
2.7%
Former soap actor who appeared on L.A. LawA. Martinez
2.4%
Original name of a Beastie Boys memberAdam Horovitz
2.3%
Walter M. Miller, Jr.'s post-apocalyptic sci-fi novelA Canticle for Leibowitz
1.8%
Nobel Laureate and Costa Rican President Óscar Arias Sánchez
1.2%
Full name of the Mexican Pacific beach resort cityAcapulco de Juarez
0.7%

You're not logged in!

Compare scores with friends on all Sporcle quizzes.
OR
Log In

Sporcle TV

Today on Sporcle TV


Watch our educational content, quiz creation guides, and fun videos on Sporcle TV.

Show Comments

Extras

Top Quizzes Today


Score Distribution

Paid Content

Your Account Isn't Verified!

In order to create a playlist on Sporcle, you need to verify the email address you used during registration. Go to your Sporcle Settings to finish the process.

Report this User

Report this user for behavior that violates our Community Guidelines.

Details: